Score 0/18 Timer 03:00
3 Plays Today
% Correct
Mr Moony
96.1%
Mr Prongs
95.9%
Mr Padfoot
95.4%
Mr Wormtail
94.2%
George Weasley
88.1%
Fred Weasley
88.1%
Argus Filch
84.2%
Harry Potter
82.4%
Harry Potter
71.3%
% Correct
Remus Lupin
68.6%
Remus Lupin
67.4%
Harry Potter
65.7%
Hermione Granger
64.5%
Ron Weasley
61.4%
Harry Potter
61.1%
Severus Snape
60.6%
Barty Crouch Jr.
38.1%
Severus Snape
34.2%
Remove Ads.
Support Sporcle.
Get the best of Sporcle when you Go Orange. This ad-free experience offers more features, more stats, and more fun while also helping to support Sporcle. Thank you for becoming a member.

You're not logged in!

Compare scores with friends on all Sporcle quizzes.
OR
Log In

Show Comments

Extras

Top Quizzes Today


Score Distribution

Your Account Isn't Verified!

In order to create a playlist on Sporcle, you need to verify the email address you used during registration. Go to your Sporcle Settings to finish the process.

Report this User

Report this user for behavior that violates our Community Guidelines.

Details: